[Event "DVM U10 2015"]
[Site "Magdeburg GER"]
[Date "2015.12.27"]
[Round "1"]
[White "Morczynski, Joachim"]
[Black "Janovskij, Konstantin"]
[Result "0-1"]
[Termination "normal"]
[Board "15.2"]
[WhiteElo "1205"]
[BlackElo "963"]
[WhiteTeam "Schachpinguine Berlin 2"]
[BlackTeam "Hannover 96"]
[PlyCount "84"]
[WhiteFideId "16209745"]
[BlackFideId "16225252"]
[EventCountry "GER"]
[EventRounds "7"]
[EventType "team-swiss"]
[EventDate "2015.12.27"]

1. e4 e5 2. Nc3 Nf6 3. f4 exf4 4. e5 Qe7 5. Qe2 Ng8 6. Nf3 Nc6 7. d4 d6 8. Bxf4
Bg4 9. exd6 Qxe2+ 10. Bxe2 Bxd6 11. Bxd6 cxd6 12. O-O-O O-O-O 13. h3 Bxf3 14.
Bxf3 Nf6 15. Rhe1 Rhe8 16. Bxc6 bxc6 17. Rxe8 Rxe8 18. Rf1 c5 19. dxc5 dxc5 20.
Rf5 Kd7 21. Rxc5 Kd6 22. Ra5 Re7 23. Nb5+ Ke5 24. Nxa7+ Kf4 25. Nc6 Rd7 26.
Ra4+ Kg3 27. b4 Kxg2 28. b5 Kxh3 29. Rb4 g5 30. b6 Rb7 31. Nd8 Rb8 32. Nxf7 g4
33. Kd1 g3 34. Rb3 Kh2 35. Rb2 g2 36. c4 Kh1 37. Rxg2 Kxg2 38. c5 h5 39. Nd6 h4
40. a4 h3 41. a5 h2 42. a6 h1=Q+ 0-1

[Event "DVM U10 2015"]
[Site "Magdeburg GER"]
[Date "2015.12.27"]
[Round "1"]
[White "Korek, Jakob Alexander"]
[Black "I., Natascha"]
[Result "1-0"]
[Termination "normal"]
[Board "15.4"]
[WhiteElo "1010"]
[BlackElo "756"]
[WhiteTeam "Schachpinguine Berlin 2"]
[BlackTeam "Hannover 96"]
[PlyCount "73"]
[WhiteFideId "16240022"]
[BlackFideId "16257545"]
[EventCountry "GER"]
[EventRounds "7"]
[EventType "team-swiss"]
[EventDate "2015.12.27"]

1. e4 e5 2. Nf3 Nc6 3. Nc3 Nf6 4. d3 Bc5 5. Be2 O-O 6. Bg5 b6 7. Bh4 d6 8. O-O
Be6 9. Qd2 Re8 10. Nb5 Qe7 11. Bxf6 Qd7 12. Bh4 a6 13. Nc3 Rac8 14. Na4 Bb4 15.
Nc3 f6 16. d4 Ne7 17. d5 Bf7 18. a3 Bxc3 19. Qxc3 Ng6 20. Bg3 f5 21. exf5 Qxf5
22. Bd3 Qf6 23. Bxg6 Qxg6 24. Rfd1 e4 25. Nd4 Bxd5 26. Ne2 Bc6 27. Nc1 Ba4 28.
Qc4+ Re6 29. Qxa4 b5 30. Qxa6 Qe8 31. Nb3 Ra8 32. Qb7 Rb8 33. Qxc7 Rc8 34. Qa5
Rxc2 35. Nd4 Rxb2 36. Nxe6 Qxe6 37. Qd8+ 1-0

[Event "DVM U10 2015"]
[Site "Magdeburg GER"]
[Date "2015.12.27"]
[Round "1"]
[White "Pietsch, Julius"]
[Black "Derling, Charlotte"]
[Result "1-0"]
[Termination "normal"]
[Board "16.1"]
[WhiteElo "1344"]
[BlackElo "925"]
[WhiteTeam "SV Roter Turm Halle 1"]
[BlackTeam "SV Roter Turm Halle 2"]
[PlyCount "49"]
[WhiteFideId "12985660"]
[BlackFideId "16222237"]
[EventCountry "GER"]
[EventRounds "7"]
[EventType "team-swiss"]
[EventDate "2015.12.27"]

1. e4 e5 2. Nf3 Nc6 3. Bc4 f6 4. Nc3 Bb4 5. O-O Nge7 6. a3 Bc5 7. d3 d6 8. h3
Na5 9. Ba2 Nac6 10. Be3 Bxe3 11. fxe3 f5 12. Ng5 Rf8 13. Qh5+ Ng6 14. Nxh7 Nce7
15. Nxf8 Kxf8 16. exf5 Bxf5 17. e4 Qd7 18. exf5 Nxf5 19. Qxg6 Re8 20. Rxf5+
Qxf5 21. Qxf5+ Ke7 22. Qf7+ Kd8 23. Nd5 Re7 24. Qxe7+ Kc8 25. Qe8# 1-0

[Event "DVM U10 2015"]
[Site "Magdeburg GER"]
[Date "2015.12.27"]
[Round "1"]
[White "Kageler, Anton Paul"]
[Black "Kuppe, Eugen"]
[Result "0-1"]
[Termination "normal"]
[Board "16.2"]
[WhiteElo "964"]
[BlackElo "933"]
[WhiteTeam "SV Roter Turm Halle 2"]
[BlackTeam "SV Roter Turm Halle 1"]
[PlyCount "15"]
[WhiteFideId "16244850"]
[EventCountry "GER"]
[EventRounds "7"]
[EventType "team-swiss"]
[EventDate "2015.12.27"]

1. c4 e5 2. g3 d5 3. d3 dxc4 4. Nc3 cxd3 5. Bg2 Nc6 6. exd3 Bf5 7. Bd5 Nf6 (
7... Bb4 8. Nge2 Nf6 9. Bc4 O-O 10. Bg5 h6 11. Bd2 Bc5 12. Qc2 Na5 13. b3 Nxc4
14. bxc4 Qxd3 15. Qb2 b6 16. Nc1 Qf3 17. Rf1 Bh3 18. N1e2 Bxf1 19. Kxf1 Qxf2#)
8. Bc4 0-1

[Event "DVM U10 2015"]
[Site "Magdeburg GER"]
[Date "2015.12.27"]
[Round "1"]
[White "Adelmeyer, Nelly"]
[Black "Mielewsky, Karl-Josef"]
[Result "0-1"]
[Termination "normal"]
[Board "16.3"]
[WhiteElo "1016"]
[BlackElo "849"]
[WhiteTeam "SV Roter Turm Halle 1"]
[BlackTeam "SV Roter Turm Halle 2"]
[PlyCount "38"]
[WhiteFideId "16203577"]
[EventCountry "GER"]
[EventRounds "7"]
[EventType "team-swiss"]
[EventDate "2015.12.27"]

1. e4 e5 2. Nf3 Nc6 3. d4 d6 4. d5 Nd4 5. Nxd4 exd4 6. Qxd4 Nf6 7. e5 dxe5 8.
Qxe5+ Be7 9. Bb5+ Bd7 10. Nc3 O-O 11. O-O Bd6 12. Qg5 Qe7 13. Bxd7 h6 14. Qe3
Qxd7 15. Bd2 Rfe8 16. Qd3 Qe7 17. Nb5 Qe5 18. Rfe1 Qxh2+ 19. Kf1 Qh1# 0-1

[Event "DVM U10 2015"]
[Site "Magdeburg GER"]
[Date "2015.12.27"]
[Round "1"]
[White "Kemper, Matti"]
[Black "Meurer, Calvin"]
[Result "0-1"]
[Termination "normal"]
[Board "16.4"]
[WhiteElo "780"]
[BlackElo "1106"]
[WhiteTeam "SV Roter Turm Halle 2"]
[BlackTeam "SV Roter Turm Halle 1"]
[PlyCount "28"]
[EventCountry "GER"]
[EventRounds "7"]
[EventType "team-swiss"]
[EventDate "2015.12.27"]

1. e4 c5 2. Nc3 d6 3. Nf3 Nc6 4. Bc4 Nf6 5. O-O g6 6. h3 Bg7 7. d3 O-O 8. Bg5
Bd7 9. Qc1 Qb6 10. Na4 Qc7 11. Bh6 Nd4 12. Nxd4 cxd4 13. Bxg7 Kxg7 14. c3 (14.
b4) (14. Nc3 dxc3 15. bxc3) 14... dxc3 0-1

[Event "DVM U10 2015"]
[Site "Magdeburg GER"]
[Date "2015.12.27"]
[Round "1"]
[White "Kraft, Adrian"]
[Black "Lox, Nils Norman"]
[Result "1/2-1/2"]
[Termination "normal"]
[Board "17.1"]
[WhiteElo "1052"]
[BlackElo "1131"]
[WhiteTeam "SC Borussia 1920 Friedrichsfelde"]
[BlackTeam "SC Eintracht Berlin"]
[PlyCount "67"]
[WhiteFideId "16235010"]
[BlackFideId "16221389"]
[EventCountry "GER"]
[EventRounds "7"]
[EventType "team-swiss"]
[EventDate "2015.12.27"]

1. e4 d5 2. exd5 Qxd5 3. Nc3 Qa5 4. Nf3 c6 5. Bc4 Bf5 6. d3 Qc7 7. O-O Nf6 8.
Bg5 Nbd7 9. Re1 e6 10. Qd2 Bd6 11. g3 O-O 12. Bxf6 Nxf6 13. Ne4 Nxe4 14. dxe4
Bg4 15. Be2 Bh5 16. Ng5 Bxe2 17. Rxe2 h6 18. Nf3 Rad8 19. e5 Bxe5 20. Qe3 Bxb2
21. Rb1 Bf6 22. Qxa7 Rd7 23. h4 b5 24. Qc5 Qd6 25. Qe3 Qd5 26. Rb3 Qd1+ 27. Ne1
Rfd8 28. Rd3 Rxd3 29. cxd3 Bc3 30. Qe4 Bxe1 31. Rxe1 Qxd3 32. Qxc6 Qc4 33. Qb6
Ra8 34. Rb1 1/2-1/2

[Event "DVM U10 2015"]
[Site "Magdeburg GER"]
[Date "2015.12.27"]
[Round "1"]
[White "Raasch, Hauke"]
[Black "Klühs, Isabel"]
[Result "1-0"]
[Termination "normal"]
[Board "17.2"]
[WhiteElo "1171"]
[BlackElo "886"]
[WhiteTeam "SC Eintracht Berlin"]
[BlackTeam "SC Borussia 1920 Friedrichsfelde"]
[PlyCount "80"]
[WhiteFideId "16210034"]
[BlackFideId "16228944"]
[EventCountry "GER"]
[EventRounds "7"]
[EventType "team-swiss"]
[EventDate "2015.12.27"]

1. d4 Nf6 2. Nf3 d5 3. e3 Bd7 4. Bd3 e6 5. c3 Bd6 6. Nbd2 Nc6 7. e4 dxe4 8.
Nxe4 Nxe4 9. Bxe4 Be7 10. O-O O-O 11. Bc2 h6 12. h3 Bf6 13. Nh2 e5 14. dxe5
Nxe5 15. Nf3 Nxf3+ 16. Qxf3 c6 17. Rd1 Qe7 18. Bf4 Rad8 19. Bd6 Qe6 20. Bxf8
Kxf8 21. Re1 Qd5 22. Qxd5 cxd5 23. Rad1 Bc6 24. Bb3 d4 25. cxd4 Bxd4 26. Re2
Bb5 27. Red2 Bf6 28. Rxd8+ Bxd8 29. Rxd8+ Ke7 30. Rb8 b6 31. Rb7+ Kf6 32. Rxf7+
Kg6 33. Rxa7 Bd3 34. Rb7 b5 35. Rc7 h5 36. Bc2 Bxc2 37. Rxc2 Kf5 38. Rc5+ Kg6
39. Rxb5 Kh6 40. a4 g5 1-0

[Event "DVM U10 2015"]
[Site "Magdeburg GER"]
[Date "2015.12.27"]
[Round "1"]
[White "Neumann, Kai-Minh"]
[Black "Gräbnitz, Marc-Florian"]
[Result "0-1"]
[Termination "normal"]
[Board "17.3"]
[WhiteElo "831"]
[BlackElo "1153"]
[WhiteTeam "SC Borussia 1920 Friedrichsfelde"]
[BlackTeam "SC Eintracht Berlin"]
[PlyCount "96"]
[WhiteFideId "16286227"]
[BlackFideId "16226992"]
[EventCountry "GER"]
[EventRounds "7"]
[EventType "team-swiss"]
[EventDate "2015.12.27"]

1. e4 e5 2. Nf3 Nc6 3. Bc4 Be7 4. d3 d6 5. h3 Nf6 6. Nc3 Bd7 7. Be3 Qc8 8. Qd2
Be6 9. Bxe6 Qxe6 10. O-O-O O-O-O 11. d4 exd4 12. Bxd4 Nxe4 13. Qe3 Nxc3 14.
Qxe6+ fxe6 15. Bxc3 e5 16. a3 Bf6 17. Kb1 a6 18. Rhe1 Rhf8 19. h4 Ne7 20. g4
Ng6 21. h5 Nh4 22. Re3 Rde8 23. Nxh4 Bxh4 24. Rh1 Bxf2 25. Re2 Rf4 26. Rf1 Ref8
27. Bd2 Be3 28. Rxf4 Bxf4 29. Rf2 Kd7 30. Bxf4 Rxf4 31. Rxf4 exf4 32. Kc1 Ke6
33. Kd2 Ke5 34. Ke1 h6 35. a4 Ke4 36. Ke2 f3+ 37. Kf2 Kf4 38. b3 Kxg4 39. c3 c5
40. c4 Kf4 41. Kf1 Ke3 42. Ke1 f2+ 43. Kf1 a5 44. b4 axb4 45. a5 b3 46. a6 bxa6
47. Kg2 Ke2 48. Kh3 f1=Q+ 0-1

[Event "DVM U10 2015"]
[Site "Magdeburg GER"]
[Date "2015.12.27"]
[Round "1"]
[White "Klühs, Gustaf"]
[Black "Duduka, Artem"]
[Result "1-0"]
[Termination "normal"]
[Board "18.1"]
[WhiteElo "1129"]
[BlackElo "1113"]
[WhiteTeam "Sfr.Nord-Ost Berlin 2"]
[BlackTeam "Sfr.Nord-Ost Berlin 1"]
[PlyCount "85"]
[WhiteFideId "16228936"]
[BlackFideId "14194805"]
[EventCountry "GER"]
[EventRounds "7"]
[EventType "team-swiss"]
[EventDate "2015.12.27"]

1. d4 d5 2. Nf3 Nf6 3. e3 Bg4 4. Bd3 Nc6 5. c3 e6 6. Nbd2 Bd6 7. O-O O-O 8. e4
dxe4 9. Nxe4 Nxe4 10. Bxe4 h6 11. h3 Bh5 12. Bxc6 bxc6 13. Qd3 Qf6 14. Ne1 c5
15. dxc5 Bxc5 16. Be3 Bd6 17. Nc2 Qe5 18. f4 Qd5 19. Qxd5 exd5 20. Bd4 c5 21.
Be3 Rfe8 22. g4 Bg6 23. f5 Bh7 24. Bf4 Bxf4 25. Rxf4 Re2 26. Rf2 Rae8 27. Rd1
R2e5 28. Rfd2 Rd8 29. b4 c4 30. Nd4 Re3 31. Nc6 Rd6 32. Rxd5 Rxd5 33. Rxd5 Re8
34. Nxa7 Kh8 35. Rc5 Ra8 36. Rc8+ Rxc8 37. Nxc8 Bg8 38. b5 f6 39. b6 Bd5 40. a4
Kg8 41. a5 Kf7 42. a6 Ke8 43. b7 1-0

[Event "DVM U10 2015"]
[Site "Magdeburg GER"]
[Date "2015.12.27"]
[Round "1"]
[White "Gutewort, Paul Emil"]
[Black "Janke, Sean Till"]
[Result "1-0"]
[Termination "normal"]
[Board "18.2"]
[WhiteElo "1122"]
[BlackElo "949"]
[WhiteTeam "Sfr.Nord-Ost Berlin 1"]
[BlackTeam "Sfr.Nord-Ost Berlin 2"]
[PlyCount "56"]
[WhiteFideId "16204182"]
[EventCountry "GER"]
[EventRounds "7"]
[EventType "team-swiss"]
[EventDate "2015.12.27"]

1. e4 c6 2. d4 d5 3. e5 Bf5 4. g4 Bg6 5. h4 h6 6. Bg2 f6 7. e6 f5 8. h5 Bh7 9.
g5 hxg5 10. Bxg5 Nf6 11. h6 g6 12. Bf3 Bg8 13. Qe2 Qd6 14. Nc3 Qxe6 15. Qxe6
Bxe6 16. O-O-O Nbd7 17. Re1 Bf7 18. Na4 e6 19. Nc5 Bxc5 20. dxc5 Ne4 21. Bxe4
dxe4 22. h7 Rb8 23. Be3 e5 24. Bg5 Bxa2 25. b3 Nxc5 26. Bf6 Kf7 27. Bxe5 Ke6
28. Bxb8 a6 1-0

[Event "DVM U10 2015"]
[Site "Magdeburg GER"]
[Date "2015.12.27"]
[Round "1"]
[White "Söhlke, Arno"]
[Black "Beck, Felix"]
[Result "1/2-1/2"]
[Termination "normal"]
[Board "18.3"]
[WhiteElo "901"]
[BlackElo "1010"]
[WhiteTeam "Sfr.Nord-Ost Berlin 2"]
[BlackTeam "Sfr.Nord-Ost Berlin 1"]
[PlyCount "56"]
[BlackFideId "16255364"]
[EventCountry "GER"]
[EventRounds "7"]
[EventType "team-swiss"]
[EventDate "2015.12.27"]

1. d4 d5 2. c4 e6 3. Nc3 Nf6 4. e3 Nbd7 5. Bd3 Be7 6. Nf3 O-O 7. Bd2 b6 8. Ne5
Bb7 9. O-O Bd6 10. Nxd7 Qxd7 11. Qc2 c5 12. Nb5 a6 13. Nxd6 Qxd6 14. Bc3 Ne4
15. f3 Nxc3 16. Bxh7+ Kh8 17. bxc3 g6 18. Bxg6 fxg6 19. dxc5 Qxc5 20. Rfe1 Rf6
21. Red1 Qxe3+ 22. Kh1 dxc4 23. Rd7 Bd5 24. Rd1 Rxf3 25. Qxg6 Rf1+ 26. Rxf1
Bxg2+ 27. Kxg2 Rg8 28. Qxg8+ Kxg8 1/2-1/2

[Event "DVM U10 2015"]
[Site "Magdeburg GER"]
[Date "2015.12.27"]
[Round "1"]
[White "Müller, Linus"]
[Black "Stockmann, Till"]
[Result "0-1"]
[Termination "normal"]
[Board "19.1"]
[WhiteElo "936"]
[BlackElo "1482"]
[WhiteTeam "Hamburger SK von 1830 2"]
[BlackTeam "VfL Gräfenhainichen"]
[PlyCount "52"]
[WhiteFideId "16245946"]
[BlackFideId "12979341"]
[EventCountry "GER"]
[EventRounds "7"]
[EventType "team-swiss"]
[EventDate "2015.12.27"]

1. e4 e5 2. Nf3 Nc6 3. Bb5 a6 4. Ba4 b5 5. Bb3 Nf6 6. d3 Bc5 7. O-O d6 8. Bg5
Na5 9. Bd5 c6 10. c3 cxd5 11. b4 dxe4 12. dxe4 Bxb4 13. cxb4 Nc4 14. Nc3 Bb7
15. Nd5 Bxd5 16. exd5 O-O 17. Rc1 h6 18. Bh4 Rc8 19. Re1 Qe7 20. Re4 g5 21. Re2
gxh4 22. Nxh4 Nxd5 23. Nf5 Qe6 24. Nd4 Qg6 25. Nb3 Nf4 26. Rec2 Qxg2# 0-1

[Event "DVM U10 2015"]
[Site "Magdeburg GER"]
[Date "2015.12.27"]
[Round "1"]
[White "Grunemann, Jonas"]
[Black "Grabbel, Torben Frederik"]
[Result "0-1"]
[Termination "normal"]
[Board "19.2"]
[WhiteElo "970"]
[BlackElo "981"]
[WhiteTeam "VfL Gräfenhainichen"]
[BlackTeam "Hamburger SK von 1830 2"]
[PlyCount "70"]
[WhiteFideId "16255577"]
[BlackFideId "16219180"]
[EventCountry "GER"]
[EventRounds "7"]
[EventType "team-swiss"]
[EventDate "2015.12.27"]

1. e4 e5 2. Nf3 Nc6 3. Nc3 Nf6 4. Bb5 d6 5. d3 a6 6. Ba4 b5 7. Bb3 Bg4 8. Bg5
Be7 9. O-O Nd4 10. Bd5 Nxd5 11. Bxe7 Nxe7 12. Ne2 Nxf3+ 13. gxf3 Bxf3 14. Qd2
Qd7 15. Qg5 Qh3 16. Qg3 Qxg3+ 17. Nxg3 O-O 18. Rae1 f5 19. Re3 Bg4 20. d4 f4
21. Rc3 fxg3 22. Rxg3 Bf3 23. Re1 exd4 24. e5 dxe5 25. Rxe5 Nc6 26. Re6 Rad8
27. Rxf3 Rxf3 28. Rxc6 Rd7 29. Rxa6 Rd6 30. Ra7 Re6 31. Kg2 Rf7 32. Ra8+ Rf8
33. Ra7 c5 34. a3 c4 35. b3 cxb3 0-1

[Event "DVM U10 2015"]
[Site "Magdeburg GER"]
[Date "2015.12.27"]
[Round "1"]
[White "Reine, Samuel"]
[Black "Mischke, Richard"]
[Result "0-1"]
[Termination "normal"]
[Board "19.3"]
[WhiteElo "870"]
[BlackElo "916"]
[WhiteTeam "Hamburger SK von 1830 2"]
[BlackTeam "VfL Gräfenhainichen"]
[PlyCount "32"]
[BlackFideId "16255585"]
[EventCountry "GER"]
[EventRounds "7"]
[EventType "team-swiss"]
[EventDate "2015.12.27"]

1. e4 e5 2. Nf3 Nc6 3. Bc4 Nf6 4. d3 Bc5 5. Ng5 O-O 6. O-O d6 7. h3 Nd4 8. Be3
h6 9. Nf3 c6 10. Nbd2 Nxf3+ 11. gxf3 Bxh3 12. Re1 Nh5 13. d4 Qf6 14. Nb3 Qg6+
15. Bg5 Qxg5+ 16. Kh1 Qg2# 0-1

[Event "DVM U10 2015"]
[Site "Magdeburg GER"]
[Date "2015.12.27"]
[Round "1"]
[White "Holz, Leonard"]
[Black "Martsfeld, Jonas"]
[Result "1/2-1/2"]
[Termination "normal"]
[Board "20.1"]
[WhiteElo "1211"]
[BlackElo "954"]
[WhiteTeam "SK Werther 1949"]
[BlackTeam "SF HN-Biberach 1978"]
[PlyCount "45"]
[BlackFideId "16255640"]
[EventCountry "GER"]
[EventRounds "7"]
[EventType "team-swiss"]
[EventDate "2015.12.27"]

1. d4 d5 2. Bf4 Nc6 3. e3 Bf5 4. c3 e6 5. Nd2 Nf6 6. Ngf3 Bd6 7. Bg3 O-O 8. Ne5
h6 9. Bb5 Qe8 10. Qa4 Bxe5 11. dxe5 Ne4 12. Nxe4 Bxe4 13. f3 Bf5 14. e4 a6 15.
Bxc6 bxc6 16. exf5 exf5 17. O-O-O Qe6 18. Rhe1 c5 19. Bf2 c4 20. Qa5 c6 21. Bc5
Rfc8 22. Bd6 f6 23. Bc7 {nicht weiter nachvollziehbar} 1/2-1/2

[Event "DVM U10 2015"]
[Site "Magdeburg GER"]
[Date "2015.12.27"]
[Round "1"]
[White "Melzig, Rodrigo"]
[Black "Drees, Leon"]
[Result "1-0"]
[Termination "normal"]
[Board "20.2"]
[WhiteElo "984"]
[BlackElo "1072"]
[WhiteTeam "SF HN-Biberach 1978"]
[BlackTeam "SK Werther 1949"]
[PlyCount "55"]
[WhiteFideId "16252764"]
[BlackFideId "16299523"]
[EventCountry "GER"]
[EventRounds "7"]
[EventType "team-swiss"]
[EventDate "2015.12.27"]

1. e4 e5 2. Nf3 Nc6 3. Bc4 Nf6 4. Nc3 Bc5 5. d3 h6 6. Be3 Bxe3 7. fxe3 d6 8.
O-O Bg4 9. h3 Bh5 10. Nd5 O-O 11. Qe2 a5 12. Qf2 Nxd5 13. Bxd5 Nb4 14. Bc4 c6
15. g4 Bg6 16. Nh4 Qd7 17. Nxg6 d5 18. Nxf8 Kxf8 19. c3 Na6 20. Bxa6 Rxa6 21.
d4 dxe4 22. dxe5 c5 23. c4 Re6 24. Rad1 Qe7 25. Rd8+ Qe8 26. Rxe8+ Kxe8 27.
Qxf7+ Kd8 28. Qxe6 1-0

[Event "DVM U10 2015"]
[Site "Magdeburg GER"]
[Date "2015.12.27"]
[Round "1"]
[White "Deniz, Kevin"]
[Black "Iyengar, Sriram"]
[Result "1-0"]
[Termination "normal"]
[Board "20.3"]
[WhiteElo "1050"]
[BlackElo "947"]
[WhiteTeam "SK Werther 1949"]
[BlackTeam "SF HN-Biberach 1978"]
[PlyCount "58"]
[WhiteFideId "34620346"]
[BlackFideId "16269110"]
[EventCountry "GER"]
[EventRounds "7"]
[EventType "team-swiss"]
[EventDate "2015.12.27"]

1. e4 e5 2. Bc4 Nc6 3. Nf3 Nf6 4. Ng5 d5 5. Bb3 Be6 6. d3 Bb4+ 7. Bd2 Bc5 8.
Nc3 O-O 9. Nf3 d4 10. Ne2 Qd7 11. Ng3 Rfe8 12. O-O Re7 13. Bg5 Bxb3 14. axb3
Qe6 15. c3 Ree8 16. b4 Bb6 17. b5 Ne7 18. Bxf6 Qxf6 19. Ne2 Ng6 20. Qa4 Re6 21.
cxd4 exd4 22. Nexd4 Bxd4 23. Nxd4 Rd6 24. Nf3 Rxd3 25. Qc2 Rad8 26. Rxa7 Qb6
27. Qa4 h6 28. Ra5 c6 29. bxc6 bxc6 {nicht weiter nachvollziehbar} 1-0

[Event "DVM U10 2015"]
[Site "Magdeburg GER"]
[Date "2015.12.27"]
[Round "1"]
[White "Gerold, Fabian"]
[Black "Lünsche, Lucas"]
[Result "0-1"]
[Termination "normal"]
[Board "20.4"]
[WhiteElo "737"]
[BlackElo "887"]
[WhiteTeam "SF HN-Biberach 1978"]
[BlackTeam "SK Werther 1949"]
[PlyCount "58"]
[EventCountry "GER"]
[EventRounds "7"]
[EventType "team-swiss"]
[EventDate "2015.12.27"]

1. e4 e5 2. Nf3 Nc6 3. Bc4 f6 4. Nc3 d6 5. d3 Bg4 6. O-O Nd4 7. Be3 Nc6 8. h3
Bh5 9. a3 Qd7 10. Rb1 O-O-O 11. Bb5 a6 12. Ba4 Nge7 13. Qe2 g5 14. g4 Bg6 15.
b3 f5 16. gxf5 Bh5 17. Kg2 g4 18. hxg4 Bxg4 19. b4 Rg8 20. Rg1 Bh5+ 21. Kf1
Rxg1+ 22. Kxg1 Bg7 23. Qd1 Rg8 24. Kf1 Nxf5 25. exf5 Qxf5 26. Ke1 Bxf3 27. Qd2
Bf6 28. Kf1 Qh3+ 29. Ke1 Rg1# 0-1

[Event "DVM U10 2015"]
[Site "Magdeburg GER"]
[Date "2015.12.27"]
[Round "1"]
[White "Mainka, Alwin"]
[Black "Kraftsik, Christian"]
[Result "1-0"]
[Termination "normal"]
[Board "21.1"]
[WhiteElo "1003"]
[BlackElo "1271"]
[WhiteTeam "DJK Arminia Eilendorf 1919"]
[BlackTeam "SC Vaterstetten"]
[PlyCount "48"]
[WhiteFideId "16241177"]
[BlackFideId "16242548"]
[EventCountry "GER"]
[EventRounds "7"]
[EventType "team-swiss"]
[EventDate "2015.12.27"]

1. e4 e5 2. Nf3 Nc6 3. Bc4 Bc5 4. O-O Nf6 5. d3 d6 6. h3 O-O 7. Bg5 Be6 8. Bb5
Rb8 9. Nc3 a6 10. Ba4 b5 11. Bb3 Nd4 12. Nxd4 Bxd4 13. Rb1 c6 14. Ne2 a5 15. c3
Bb6 16. d4 a4 17. Bc2 Bxa2 18. Ra1 Be6 19. Kh1 Qe7 20. f4 Bd8 21. dxe5 dxe5 22.
fxe5 Qc5 23. Bxf6 Bxf6 24. exf6 gxf6 1-0

[Event "DVM U10 2015"]
[Site "Magdeburg GER"]
[Date "2015.12.27"]
[Round "1"]
[White "Menzner, Paul"]
[Black "Korr, Sören"]
[Result "0-1"]
[Termination "normal"]
[Board "21.2"]
[WhiteElo "1007"]
[BlackElo "887"]
[WhiteTeam "SC Vaterstetten"]
[BlackTeam "DJK Arminia Eilendorf 1919"]
[PlyCount "40"]
[BlackFideId "16275241"]
[EventCountry "GER"]
[EventRounds "7"]
[EventType "team-swiss"]
[EventDate "2015.12.27"]

1. e4 e5 2. Nf3 Nc6 3. Bc4 Bc5 4. O-O Nf6 5. Nc3 O-O 6. b4 Bb6 7. b5 Ne7 8.
Nxe5 Bd4 9. Nf3 Bxc3 10. dxc3 h6 11. e5 Ne4 12. Qd4 d5 13. Rd1 c6 14. bxc6 bxc6
15. Bd3 Bb7 16. Rb1 Rb8 17. Bxe4 dxe4 18. Qxd8 Rfxd8 19. Nd2 Nd5 20. Nxe4 f5
0-1

[Event "DVM U10 2015"]
[Site "Magdeburg GER"]
[Date "2015.12.27"]
[Round "1"]
[White "Lerchl, Clemens"]
[Black "Sassenscheidt, Julius"]
[Result "1-0"]
[Termination "normal"]
[Board "21.4"]
[WhiteElo "963"]
[BlackElo "776"]
[WhiteTeam "SC Vaterstetten"]
[BlackTeam "DJK Arminia Eilendorf 1919"]
[PlyCount "85"]
[WhiteFideId "16226372"]
[BlackFideId "16258509"]
[EventCountry "GER"]
[EventRounds "7"]
[EventType "team-swiss"]
[EventDate "2015.12.27"]

1. e4 d5 2. exd5 Qxd5 3. Nc3 Qd8 4. Nf3 Nc6 5. Bb5 Bd7 6. d4 a6 7. Ba4 e6 8.
Bf4 Nf6 9. O-O Bb4 10. Qd3 O-O 11. Rad1 b5 12. Bb3 Bxc3 13. Qxc3 a5 14. a3 b4
15. Qc5 Ne4 16. Qc4 a4 17. Ba2 bxa3 18. bxa3 Na5 19. Qxc7 Rc8 20. Qxd8 Rfxd8
21. Rfe1 f5 22. d5 Rxc2 23. dxe6 Rxa2 24. exd7 Rxa3 25. Bc7 Nc6 26. Ng5 Ra8 27.
d8=Q+ Nxd8 28. Bxd8 Nxg5 29. Bxg5 Rb3 30. Ra1 a3 31. Ra2 Rb2 32. Rea1 Rxa2 33.
Rxa2 Re8 34. h3 h6 35. Bd2 Rd8 36. Bb4 Rd3 37. Kf1 Rd1+ 38. Ke2 Rd8 39. Rxa3
Re8+ 40. Re3 Rd8 41. Ba5 Ra8 42. Ra3 Rxa5 43. Rxa5 {Rest nicht nachvollziehbar}
1-0

[Event "DVM U10 2015"]
[Site "Magdeburg GER"]
[Date "2015.12.27"]
[Round "1"]
[White "Siol, Mats Lennart"]
[Black "Hartmann, Samuel"]
[Result "1-0"]
[Termination "normal"]
[Board "22.1"]
[WhiteElo "1178"]
[BlackElo "888"]
[WhiteTeam "SK Blauer Springer Paderborn 1926"]
[BlackTeam "SG Niederkassel"]
[PlyCount "57"]
[WhiteFideId "16229240"]
[EventCountry "GER"]
[EventRounds "7"]
[EventType "team-swiss"]
[EventDate "2015.12.27"]

1. e4 e5 2. Bc4 Bc5 3. Qh5 Qf6 4. Nf3 d6 5. Nc3 Nh6 6. Nd5 Qd8 7. d3 Bd4 8.
Bxh6 g6 9. Qg5 Qxg5 10. Bxg5 Bxb2 11. Rb1 Bd4 12. Nxd4 exd4 13. Nxc7+ Kf8 14.
Nxa8 Kg7 15. Nc7 h6 16. Be7 Nd7 17. Bxd6 Nf6 18. e5 Nh7 19. Ne8+ Rxe8 20. O-O
f6 21. f4 Nf8 22. Rbe1 f5 23. e6 Bxe6 24. Bxe6 Nxe6 25. Bc5 Kf7 26. Bxa7 Nxf4
27. Rxe8 Kxe8 28. Rxf4 Ke7 29. Rxd4 1-0

[Event "DVM U10 2015"]
[Site "Magdeburg GER"]
[Date "2015.12.27"]
[Round "1"]
[White "Gehle, Joshua"]
[Black "Nitsche, Nikolai"]
[Result "0-1"]
[Termination "normal"]
[Board "23.1"]
[WhiteElo "910"]
[BlackElo "1227"]
[WhiteTeam "SV Bad Schwartau von 1930"]
[BlackTeam "SV Empor Berlin"]
[PlyCount "49"]
[WhiteFideId "16273753"]
[BlackFideId "16221036"]
[EventCountry "GER"]
[EventRounds "7"]
[EventType "team-swiss"]
[EventDate "2015.12.27"]

1. e4 c5 2. Nf3 Nc6 3. Bb5 Nf6 4. Nc3 d6 5. d4 cxd4 6. Nxd4 Bd7 7. Nf3 Ng4 8.
Bc4 g6 9. Ng5 Nce5 10. Bb3 Qb6 11. O-O Bg7 12. h3 Nh6 13. Be3 Qd8 14. Qd5 Bc6
15. Ba4 Bxa4 16. Nxa4 b6 17. f4 Nd7 18. f5 O-O 19. fxg6 hxg6 20. g4 Nf6 21. Qb3
Rc8 22. Rac1 Qd7 23. Nf3 Nxe4 24. g5 Nf5 25. Rce1 {nicht weiter nachvollziehbar
} 0-1